Last Democratic Governor In The US - Statistics

General Stats
  • This quiz has been taken 6 times
  • The average score is 16 of 50
Answer Stats
State Served (ing) Answer % Correct
California (2019-Present) Gavin Newsom
100%
Colorado (2019-Present) Jared Polis
100%
Illinois (2019-Present) JB Pritzker
83%
Minnesota (2019 - Present) Tim Walz
83%
Virginia (2026 - Present) Abigail Spanberger
67%
Kentucky (2019 - Present) Andy Beshear
67%
Michigan (2019 - Present) Gretchen Whitmer
67%
Pennsylvania (2023 - Present) Josh Shapiro
67%
New York (2021 - Present) Kathy Hochul
67%
Arizona (2023-Present) Katie Hobbs
67%
Massachusetts (2023 - Present) Maura Healey
67%
Maryland (2023 - Present) Wes Moore
67%
Texas (1991 - 1995) Ann Richards
50%
Maine (2019 - Present) Janet Mills
50%
Hawaii (2022-Present) Josh Green
50%
New Mexico (2019 - Present) Michelle Lujan Grisham
50%
New Jersey (2026 - Present) Mikie Sherrill
50%
Connecticut (2019-Present) Ned Lamont
50%
Rhode Island (2021 - Present) Dan McKee
33%
Louisiana (2016 - 2024) John Bel Edwards
33%
North Carolina (2025 - Present) Josh Stein
33%
Kansas (2019 - Present) Laura Kelly
33%
New Hampshire (2013 - 2017) Maggie Hassan
33%
Delaware (2019-Present) Matt Meyer
33%
Nevada (2019 -2023) Steve Sisolak
33%
Oregon (2023 - Present) Tina Kotek
33%
Wisconsin (2019 - Present) Tony Evers
33%
Washington (2025 - Present) Bob Ferguson
17%
Alabama (1999-2003) Don Siegleman
17%
Arkansas (2007-2015) Mike Beebe
17%
Georgia (1999-2003) Roy Barnes
17%
Montana (2013 - 2021) Steve Bullock
17%
Ohio (2007 - 2011) Ted Strickland
17%
Nebraska (1991 - 1999) Ben Nelson
0%
Oklahoma (2003 - 2011) Brad Henry
0%
Florida (1998-1999) Buddy Mackay
0%
Idaho (1971-1977; 1987-1995) Cecil Andrus
0%
Iowa (1999 - 2007) Chet Culver
0%
Wyoming (2003 - 2011) David Freudenthal
0%
West Virginia (2010 - 2017) Earl Ray Tomblin
0%
North Dakota (1985 - 1992) George Sinner
0%
South Dakota (1978 - 1979) Harvey Wollan
0%
Missouri (2009 - 2017) Jay Nixon
0%
South Carolina (1999 - 2003) Jim Hodges
0%
Indiana (2003 - 2005) Joe Kernan
0%
Vermont (2011 - 2017) Peter Shumlin
0%
Tennessee (2003 - 2011) Phil Bredesen
0%
Mississippi (2000 - 2004) Ronnie Musgrove
0%
Utah (1977 - 1985) Scott Matheson
0%
Alaska (1994-20020 Tony Knowles
0%
No matching quizzes found
Score Distribution
Percent of People with Each Score
Percentile by Number Answered
Your Score History
You have not taken this quiz